Democracy in the US - Statistiken

Allgemein
  • Dieses Quiz wurde 10 mal gespielt
  • Das Durchschnittsergebnis liegt bei 12 aus 48
Antwortstatistiken
Hint Antwort % Korrekt
wirtschaftliche Freiheit economic freedom
100%
freie Marktwirtschaft free market economy
100%
Fachbegriff aus dee Politologie, die Gewalten des politischen System branches of government
50%
bürgerlich civic
50%
Gemeinsamkeit common ground
50%
Innenstadt, Zentrum downtown
50%
Unternehmertum entrepreneurship
50%
Exekutiv, die Exekutive executive
50%
gottesfürchtig God-fearing
50%
extreme Supermacht (Hypermacht) hyperpower
50%
Individualität individuality
50%
Institution institution
50%
legislativ, die Legislative legislative
50%
Mutterland mother country
50%
Neuheit novelty
50%
politische Kultur Political culture
50%
religiöse Verfolgung religious persecution
50%
Ketten , Fesseln shackles
50%
Supermacht superpower
50%
Beschleunigen to accelerate
50%
jdn verfolgen to persecute so
50%
Anhäufung von Reichtum accumulation of wealth
0%
Wohlstand affluence
0%
Kolonialmächte colonial powers
0%
Überzeugung, Glaube creed
0%
Inbegriff des Kapitalismus epitome of capitalism
0%
ausfuhrorientierte Wirtschaft export-oriented economy
0%
Ausbeutung im Lehnwesen feudal exploitation
0%
institutioneller Rahmen institutional framework
0%
judikativ, die Judikative judicial, judiciary
0%
Begriff, konzept, idee, auffassung notion
0%
fromm, Frömmigkeit pious, piety
0%
Fachbegriff aus Migrationsforschung, Faktoren die die Migration beeinflussen push/ pull factors
0%
Revolutionäre Unruhen revolutionary upheaval
0%
die Aussicht auf The prospect of
0%
Vorankommen, Voranschreiten, das Vorankommen to advance/ advancement
0%
mit jdn Umgang haben, mit jdm zusammengehen to associate with
0%
sich losreißen to break away
0%
Wohlstand schaffen to create wealth
0%
die Unabhängigkeit erklären to declare independence
0%
beherrschen, Beherrschung to dominate/ domination
0%
siegreich beenden to end victoriously
0%
sich ausbreiten, Ausbreitung to expand/ expansion
0%
entspannt sein to feel at ease
0%
Eine Nation gründen to found a nation
0%
enge Verbundungen unterhalten to keep close ties to
0%
Stützen to prop sth up
0%
einstimmig unanimous
0%
Keine übereinstimmenden Quizze gefunden
Verteilung der Resultate
Anzahl Personen mit jedem Resultat
Perzentil nach korrekt beantworteten Fragen
Ihre Resultats-Entwicklung
Sie haben dieses Quiz noch nicht gespielt